Productivity and discipline : (Record no. 92550)

MARC details
000 -LEADER
fixed length control field 01093nam a22002777a 4500
005 - DATE AND TIME OF LATEST TRANSACTION
control field 20150406145251.0
010 ## - LCCN (DPL NO)
LC control number ENG-112521
020 ## - INTERNATIONAL STANDARD BOOK NUMBER
International Standard Book Number 9789383649310
Terms of availability 940.00
035 ## - SYSTEM CONTROL NUMBER
System control number EN-96053
037 ## - SOURCE OF ACQUISITION
Source of stock number/acquisition DBAD/PUB
082 ## - DEWEY DECIMAL CLASSIFICATION NUMBER
Classification number 343.5407
100 ## - MAIN ENTRY--PERSONAL NAME
Personal name Jain, S.C.
245 00 - TITLE STATEMENT
Title Productivity and discipline :
Statement of responsibility, etc by S.C. Jain
Remainder of title victims of misdirected social justice /
250 ## - EDITION STATEMENT
Edition statement 2nd ed
260 ## - PUBLICATION, DISTRIBUTION, ETC. (IMPRINT)
Place of publication, distribution, etc New Delhi
Name of publisher, distributor, etc KW Publishers
Date of publication, distribution, etc 2015
270 ## - ADDRESS
Address 4676/21, First Floor, Ansari Road, Daryaganj,
City New Delhi
Postal code 110002
300 ## - PHYSICAL DESCRIPTION
Extent xxx,323p.
Dimensions 24cm(Hb)
500 ## - GENERAL NOTE
General note Includes index
520 ## - SUMMARY, ETC.
Summary, etc Case studies in the light of labor laws and impact of indiscipline on industrial production and productivity in India.
650 ## - SUBJECT ADDED ENTRY--TOPICAL TERM
Topical term or geographic name as entry element Industrial laws and legislation
General subdivision Economic aspects
Geographic subdivision India.
650 ## - SUBJECT ADDED ENTRY--TOPICAL TERM
Topical term or geographic name as entry element Industrial laws and legislation
General subdivision Social aspects
Geographic subdivision India.
650 ## - SUBJECT ADDED ENTRY--TOPICAL TERM
Topical term or geographic name as entry element Justice, Administration of
General subdivision Economic aspects
Geographic subdivision India.
650 ## - SUBJECT ADDED ENTRY--TOPICAL TERM
Topical term or geographic name as entry element Justice, Administration of
General subdivision Social aspects
Geographic subdivision India.
650 ## - SUBJECT ADDED ENTRY--TOPICAL TERM
Topical term or geographic name as entry element Social justice.
942 ## - ADDED ENTRY ELEMENTS (KOHA)
Source of classification or shelving scheme Dewey Decimal Classification
Item type English Books
Call number suffix JAI
Classification part 343.5407
Holdings
Withdrawn status Lost status Not for loan Collection code Home library Current library Date acquired Source of acquisition Cost, normal purchase price Full call number Barcode Copy number Cost, replacement price Koha item type
    Not For Loan Non-fiction D.B.Act.Division D.B.Act.Division 26/03/2015 DBAD/PUB 940.00 343.5407 JAI EN-96053 1 940.00 English Books

© Delhi Public Library
Hit Counter
free hit counter